Piłkarze Legii Warszawa - nagła śmierć - Statystyki

Ogólne statystyki
  • Ten quiz został rozwiązany 776 razy
  • Średni wynik to 13 z 22
Answers on the Grid
Answers color-coded by a green-red scale on the quiz's grid according to % correct below.
Vadis Odjidja-Ofoe
Jakub Błaszczykowski
Arkadiusz Milik
Artur Boruc
Euzebiusz Smolarek
Artur Jedrzejczyk
Miroslav Radovic
Kamil Glik
Maxi Oyedele
Jesús Imaz
Kamil Grosicki
Maciej Rybus
Maciej Żurawski
Michal Zewlakow
Tomasz Frankowski
Lukasz Fabianski
Jacek Krzynówek
Ivica Vrdoljak
Bartosz Kapustka
Łukasz Piszczek
Ángel Rodado
Ondrej Duda
Efthymios Koulouris
Ernest Muci
Bartosz Bereszyński
Slawomir Peszko
Josip Juranovic
Igor Angulo
Afimico Pululu
Rúben Vinagre
Mikael Ishak
Vladan Kovačević
Ali Gholizadeh
Dante Stipica
Krystian Bielik
Dani Olmo
Danijel Ljuboja
Erik Expósito
Roger Guerreiro
Flávio Paixão
Michal Pazdan
Pavol Staňo
Pawel Wszolek
Jacek Kiełb
 
Statystyki odpowiedzi
Odpowiedź % Poprawnych
Artur Boruc
86%
Artur Jedrzejczyk
86%
Vadis Odjidja-Ofoe
86%
Maxi Oyedele
80%
Miroslav Radovic
79%
Bartosz Kapustka
70%
Michal Zewlakow
65%
Ernest Muci
64%
Lukasz Fabianski
63%
Maciej Rybus
63%
Ondrej Duda
63%
Bartosz Bereszyński
60%
Pawel Wszolek
60%
Rúben Vinagre
60%
Michal Pazdan
59%
Josip Juranovic
53%
Ivica Vrdoljak
51%
Danijel Ljuboja
50%
Vladan Kovačević
46%
Roger Guerreiro
40%
Krystian Bielik
32%
Kamil Grosicki
30%
Nie znaleziono quizów pasujących do podanych kryteriów
Rozkład punktacji
Procent ludzi z każdym wynikiem
Percentyl według liczby udzielonych odpowiedzi
Twoja historia wyników
Nie rozwiązałeś tego quizu